Angeleyes - ABBA - All Lyrics - Statistics

General Stats
  • This quiz has been taken 387 times
  • The average score is 277 of 331
Answer Stats
Answer % Correct
a
100%
I
100%
Ah-ha-ha,
97%
ah-ha-ha
97%
"Ah-ha-ha,
97%
ah-ha-ha,
97%
angel
97%
eyes
97%
eyes,
97%
look
97%
Look
97%
you
97%
And
96%
and
96%
to
96%
in
95%
he
94%
He
94%
his
94%
the
94%
into
92%
him
91%
him,
91%
think
91%
your
91%
one
90%
that
89%
with
89%
me
88%
you're
88%
Oh
87%
at
86%
be
86%
girl
85%
her
85%
hypnotized
85%
it
85%
night
85%
walk
85%
young
85%
'bout
84%
saw
84%
way
84%
when
84%
When
84%
about
83%
river
83%
used
83%
was
83%
gave
82%
paradise
81%
thinking
81%
thinking,
81%
made
80%
shiver
80%
Don’t
79%
Last
79%
say
79%
those
79%
along
78%
it's
78%
Keep
78%
keep
78%
together
78%
too
78%
always
76%
deep
76%
game
76%
pay
76%
price
76%
taking
76%
you'll
76%
likes
75%
play"
75%
thought
74%
day
73%
no,
73%
no
73%
take
73%
time
73%
all
72%
Because
72%
I'm
71%
must
71%
should
71%
good
70%
heart
70%
up
70%
out
69%
times
69%
disguise
68%
find
68%
He’ll
68%
remember
68%
hurts
67%
right
67%
Sometimes
67%
lonely
66%
wears
66%
could
65%
have
65%
never
64%
sit
64%
maybe
63%
same?
63%
without
63%
does
62%
live
62%
can
59%
wonder
58%
see
57%
how
56%
will
55%
forget
53%
name?
50%
Every
49%
my
44%
pain?
44%
back
42%
bring
42%
now
42%
took
36%
Crazy
32%
had
22%
No matching quizzes found
Score Distribution
Percent of People with Each Score
Percentile by Number Answered
Your Score History
You have not taken this quiz